| 000 | 00778nam a2200217 a 4500 | ||
|---|---|---|---|
| 999 |
_c11959 _d11959 |
||
| 001 | 11959 | ||
| 003 | BD-JhCC | ||
| 005 | 20210225121045.0 | ||
| 008 | 210225b 2016bg a|||| ||a| 000 0 mul d | ||
| 020 | _a9848485157 | ||
| 035 | _a(BD-JhCC)11959 | ||
| 040 |
_aBD-JhCC _dBD-JhCC |
||
| 041 | _aBen,Eng | ||
| 082 |
_a005.7585 _bMIZ 2016 |
||
| 100 | _aরহমান, মোহাম্মদ মিজানুর | ||
| 245 |
_aওরাকল এসকিউএল এবং পিএল / এসকিউএল / _cমোহাম্মদ মিজানুর রহমান |
||
| 260 |
_aঢাকা, বাংলাদেশ : _bজ্ঞানকোষ প্রকাশনী; _c২০১৬. |
||
| 300 |
_a372 _bill _c24 cm. |
||
| 942 |
_2ddc _cBK |
||